UM Logo

Latent profiles of the differences in life satisfaction before and after a disability in Korea / (Record no. 24572)

MARC details
000 -LEADER
fixed length control field 00880nam a22002057a 4500
003 - CONTROL NUMBER IDENTIFIER
control field OSt
005 - DATE AND TIME OF LATEST TRANSACTION
control field 20260418141126.0
008 - FIXED-LENGTH DATA ELEMENTS--GENERAL INFORMATION
fixed length control field 260408b |||||||| |||| 00| 0 eng d
040 ## - CATALOGING SOURCE
Transcribing agency 0
082 ## - DEWEY DECIMAL CLASSIFICATION NUMBER
Classification number DPer 361.3095 As41 March-December 2024 v. 34 n. 1-4
100 ## - MAIN ENTRY--PERSONAL NAME
Personal name Yoon, Sojin.
Relator term author.
9 (RLIN) 70477
245 ## - TITLE STATEMENT
Title Latent profiles of the differences in life satisfaction before and after a disability in Korea /
Statement of responsibility, etc. Sojin Yoon, Seunghyeok Ha and Sehee Hong.
260 ## - PUBLICATION, DISTRIBUTION, ETC. (IMPRINT)
Place of publication, distribution, etc. Oxfordshire, United Kingdom :
Name of publisher, distributor, etc. Routledge Taylor & Francis Group ,
Date of publication, distribution, etc. December 2024.
300 ## - PHYSICAL DESCRIPTION
Extent Volume 34, pages 380-396 :
Other physical details illustration ;
Dimensions 24cm.
500 ## - GENERAL NOTE
General note Asia Pacific Journal of Social Work & Development, vol. 34, no. 4, pages 380-396, December 2024.
700 ## - ADDED ENTRY--PERSONAL NAME
Personal name Yoon, Sojin.
Relator term author.
9 (RLIN) 70477
700 ## - ADDED ENTRY--PERSONAL NAME
Personal name Ha, Seunghyeok.
Relator term author.
9 (RLIN) 70480
700 ## - ADDED ENTRY--PERSONAL NAME
Personal name Hong, Sehee.
Relator term author.
9 (RLIN) 70479
942 ## - ADDED ENTRY ELEMENTS (KOHA)
Source of classification or shelving scheme Dewey Decimal Classification
Koha item type Periodicals
Holdings
Withdrawn status Lost status Source of classification or shelving scheme Damaged status Not for loan Collection code Home library Current library Date acquired Total Checkouts Full call number Date last seen Price effective from Koha item type Public note
    Dewey Decimal Classification     Periodicals UM Digos College - LIC UM Digos College - LIC 04/08/2026   DPer 361.3095 As41 March-December 2024 v. 34 n. 1-4 04/08/2026 08/04/2026 Periodicals Periodical Article